Tecnologia y cultura / (Record no. 21281)
[ view plain ]
| 000 -CABECERA | |
|---|---|
| campo de control de longitud fija | 01082nam a2200277 4500 |
| 003 - IDENTIFICADOR DEL NÚMERO DE CONTROL | |
| campo de control | OSt |
| 005 - FECHA Y HORA DE LA ÚLTIMA TRANSACCIÓN | |
| campo de control | 20260601193528.0 |
| 008 - DATOS DE LONGITUD FIJA--INFORMACIÓN GENERAL | |
| campo de control de longitud fija | 260418b1978 sp ||||| |||| 00| 0 spa d |
| 040 ## - FUENTE DE LA CATALOGACIÓN | |
| Centro catalogador/agencia de origen | ICI |
| Lengua de catalogación | spa |
| Centro/agencia transcriptor | spa |
| 041 ## - CÓDIGO DE LENGUA | |
| Código de lengua del texto/banda sonora o título independiente | spa |
| Código de lengua original | eng |
| 050 ## - SIGNATURA TOPOGRÁFICA DE LA BIBLIOTECA DEL CONGRESO | |
| Número de clasificación | T15 |
| Número de documento/Ítem | K73 |
| 245 #1 - MENCIÓN DE TÍTULO | |
| Título | Tecnologia y cultura / |
| Mención de responsabilidad, etc. | Melvin Kranzberg, William H. Davenport, eds. ; una antologia con textos de Scott buchanan... y otros.! ; version castellana de Esteve Riambau I Sauri ; revision bibliografica por Joaquim Romaguera I Ramio |
| 264 ## - PRODUCCIÓN, PUBLICACIÓN, DISTRIBUCIÓN, FABRICACIÓN Y COPYRIGHT | |
| Nombre del de productor, editor, distribuidor, fabricante | Barcelona : |
| Fecha de producción, publicación, distribución, fabricación o copyright | Gustavo Gili, |
| Producción, publicación, distribución, fabricación y copyright | 1978 |
| 300 ## - DESCRIPCIÓN FÍSICA | |
| Extensión | 357 páginas |
| 336 ## - TIPO DE CONTENIDO | |
| Término de tipo de contenido | texto |
| Fuente | rdacontent |
| 337 ## - TIPO DE MEDIO | |
| Nombre/término del tipo de medio | sin medio |
| Fuente | rdamedia |
| 338 ## - TIPO DE SOPORTE | |
| Nombre/término del tipo de soporte | volumen |
| Fuente | rdacarrier |
| 490 ## - MENCIÓN DE SERIE | |
| Mención de serie | Colección Tecnología y sociedad |
| 650 #1 - PUNTO DE ACCESO ADICIONAL DE MATERIA--TÉRMINO DE MATERIA | |
| Término de materia o nombre geográfico como elemento de entrada | Tecnología |
| Subdivisión general | Historia |
| 9 (RLIN) | 36137 |
| 650 #1 - PUNTO DE ACCESO ADICIONAL DE MATERIA--TÉRMINO DE MATERIA | |
| Término de materia o nombre geográfico como elemento de entrada | Tecnología y civilización |
| 9 (RLIN) | 36138 |
| 700 ## - PUNTO DE ACCESO ADICIONAL--NOMBRE DE PERSONA | |
| Nombre de persona | Kranzberg, Melvin, |
| Término indicativo de función/relación | editor |
| 9 (RLIN) | 36139 |
| 700 ## - PUNTO DE ACCESO ADICIONAL--NOMBRE DE PERSONA | |
| Nombre de persona | Devenport, William Henry, |
| Fechas asociadas al nombre | 1908- |
| Término indicativo de función/relación | editor |
| 9 (RLIN) | 36140 |
| 700 ## - PUNTO DE ACCESO ADICIONAL--NOMBRE DE PERSONA | |
| Nombre de persona | Riambau I Sauri, Esteve, |
| Término indicativo de función/relación | traductor |
| 9 (RLIN) | 36141 |
| 700 ## - PUNTO DE ACCESO ADICIONAL--NOMBRE DE PERSONA | |
| Nombre de persona | Romaguera I Ramio, Joaquim |
| Término indicativo de función/relación | revision bibliografica |
| 9 (RLIN) | 36142 |
| 942 ## - ELEMENTOS DE PUNTO DE ACCESO ADICIONAL (KOHA) | |
| Fuente del sistema de clasificación o colocación | Library of Congress Classification |
| Tipo de ítem Koha | Libros |
| Estado de retiro | Estado de pérdida | Fuente del sistema de clasificación o colocación | Estado dañado | No para préstamo | Localización permanente | Ubicación/localización actual | Fecha de adquisición | Total de préstamos | Signatura topográfica completa | Código de barras | Fecha visto por última vez | Número de copia | Precio válido a partir de | Tipo de ítem Koha |
|---|---|---|---|---|---|---|---|---|---|---|---|---|---|---|
| El ejemplar forma parte de la colección y puede ser consultado según las políticas vigentes. | Library of Congress Classification | Biblioteca de Diseño Museo Franz Mayer | Biblioteca de Diseño Museo Franz Mayer | 18/04/2026 | T15 K73 | BDIMFM000003 | 18/04/2026 | Ej. 1 | 18/04/2026 | Libros |